00401nam a2200133Ia 45000010005000000080041000050820019000461000011000652450125000762600017002015900007002189010027002259990015002521545241024s9999 xx 000 0 und d aRD/362.7/UN58p aUNICEF 0aPrácticas institucionales en el sistema de Protección de Niños, Niñas y Adolescentes: Etnografía Institucional bUNICEFc2011 asi a21/6/2011 3:09:38 p.m. c9377d9377